| 000 | 00401nam a2200181Ia 4500 | ||
|---|---|---|---|
| 008 | 221030s9999 xx 000 0 und d | ||
| 020 | _a0070660492 | ||
| 041 | _aEnglish | ||
| 082 | _a105.23 | ||
| 100 | _aS. Salivahanan | ||
| 245 | 0 | _aElectronic Deivces & Circuits | |
| 250 | _a2nd | ||
| 260 |
_bTMH _aNew Delhi _c2009 |
||
| 300 | _a947 | ||
| 650 | _aECE | ||
| 700 | _aN. S. Kumar | ||
| 942 | _cBK | ||
| 999 |
_c6420 _d6420 |
||